| 000 | 01186nam a2200313Ia 4500 | ||
|---|---|---|---|
| 999 |
_c5844 _d5844 |
||
| 003 | OSt | ||
| 005 | 20200606190000.0 | ||
| 008 | 191128s2014 mx fr 000 0 spa d | ||
| 020 | _a9786071617767 | ||
| 040 |
_aCO-JMCR _cCO-JMCR |
||
| 041 | 0 | _aspa | |
| 082 | 0 | 4 |
_a330.01 / _bS224e _223 |
| 100 | 1 |
_aSedláček, Tomaš, _eautor _95147 |
|
| 245 | 1 | 0 |
_aEconomía del bien y del mal : _bla búsqueda del significado económico desde Gilgamesh hasta Wall Street / _cTomaš Sedláček ; prólogo Václav Havel ; traducción de Adolfo García de la Sienra |
| 250 | _aPrimera edición | ||
| 260 |
_aMéxico : _bFondo de Cultura Económica, _c2014 |
||
| 300 |
_a473 páginas ; _c21 cm. |
||
| 490 | 0 | _aEconomía | |
| 500 | _aIncluye índice análitico. | ||
| 504 | _aBibliografía: páginas 427-454 | ||
| 505 | 0 | _aLa economía antigua y más allá -- Pensamientos blasfemos | |
| 650 | 1 | 4 |
_aDoctrinas económicas _94597 |
| 650 | 1 | 4 |
_aEconomía _xhistoria _95148 |
| 650 | 1 | 4 |
_aEconomía _xfilosofía _95149 |
| 650 | 1 | 4 |
_aAspectos morales y éticos. _95150 |
| 700 | 1 |
_aHavel, Václav, _eprologuista _95151 |
|
| 700 | 1 |
_aGarcia de la Sienra, Adolfo, _etraductor _95152 |
|
| 942 |
_2ddc _cBK |
||